000
00336nam a2200145Ia 4500
003
OSt
008
191201s2014 xx 000 0 und d
082
_a
150
_b
NIP
100
_a
NIRMALA,J
245
0
_a
Psychology of Learning and Human Development
260
_b
Neel Kamal Pub
_c
2014
300
_a
2014
650
_a
MBA
942
_2
ddc
_c
BK
999
_c
7013
_d
7013